Das Naturrecht vor dem Naturrecht. Zur Geschichte des "ius naturae" im 16. Jahrhundert
Guardat en:
| Autor principal: | |
|---|---|
| Format: | Llibre |
| Publicat: |
Tübingen, Deuschland:
Max Niemeyer,
1999.
|
| Col·lecció: | Frúhe Neuzeit,
52. |
| Matèries: | |
| Etiquetes: |
Afegir etiqueta
Sense etiquetes, Sigues el primer a etiquetar aquest registre!
|
MARC
| LEADER | 00000nam a22000007a 4500 | ||
|---|---|---|---|
| 003 | CL-VaPUC | ||
| 005 | 20220822114834.0 | ||
| 008 | 220808t1999 ||||| |||| 00| 0 eng d | ||
| 999 | |c 438096 |d 438094 | ||
| 020 | |a 3-484-36552-8 | ||
| 040 | |c Pontificia Universidad Católica de Valparaíso | ||
| 082 | 7 | |a 340.112 SCA 1999 |2 22 | |
| 100 | 1 | |a Scattola, Merio |e author |9 875082 | |
| 245 | |a Das Naturrecht vor dem Naturrecht. |b Zur Geschichte des "ius naturae" im 16. Jahrhundert | ||
| 260 | |a Tübingen, Deuschland: |b Max Niemeyer, |c 1999. | ||
| 300 | |a 251 páginas. | ||
| 490 | |a Frúhe Neuzeit, |v 52. | ||
| 500 | |a c.1 Donación Familia Prof. Alejandro Guzmán Brito. | ||
| 583 | |c 20220808 |k Cristina María Rojas Aguilar | ||
| 650 | |a Derecho natural |y Siglo 16 |9 875083 | ||
| 942 | |2 ddc |c BK |n 0 | ||
| 952 | |0 0 |1 0 |2 ddc |4 0 |6 340_112000000000000_SCA_1999 |7 0 |8 C_AGB |9 585976 |a BIBDER |b BIBDER |d 2022-08-08 |e Donación |i 5653893 |o 340.112 SCA 1999 |p 5653893 |r 2023-01-25 |t 1 |w 2022-08-08 |y BK_US |k AGB | ||